000 00322nam a22001457a 4500
008 210310b ||||| |||| 00| 0 eng d
020 _a9781405102308
041 _aeng
080 _25th
_a616.073
082 _a616.073
100 _a6
101 _aRAD
245 _aDiagnostic Imaging
_cArmstrong, P
942 _2udc
_cBK
999 _c56171
_d56171